000 00553nam a2200181Ia 4500
003 GCL
008 140319s9999 xx 000 0 eng d
040 _aGCL /
_cGCL
082 0 4 _a371.27
_bH C
100 1 _aHOWELL, KENNETH W.
245 1 0 _aCURRICULUM BASED EVALUATION: TEACHING AND DECISION MAKING /
_cHOWELL, KENNETH W.
700 1 _aFOX, SHEILA, L.
260 _a[S.N] :
_bBROOKS\ COLE PUBLISHING COMPANY ،
_c1993
300 _a526 P
650 0 4 _aEDUCATIONAL TEST AND MEASUREMENT
650 0 4 _aCURRICULUM - BASED ASSESSMENT
942 _2ddc
_cBK
999 _c24805
_d24805